| 000 | 00770nam a2200241Ia 4500 | ||
|---|---|---|---|
| 003 | OSt | ||
| 005 | 20240430094533.0 | ||
| 008 | 210716s2013 xx 000 0 und d | ||
| 020 | _a9788130924014 | ||
| 040 | _cAIMIT LIBRARY | ||
| 041 | _aeng | ||
| 082 |
_a374.22 _21 _bKODD |
||
| 100 |
_aKodikal, Deepa. _9162599 |
||
| 245 |
_aEnlightenment is your birthright / _cBy Deepa Kodikal. Edited by Raja V Kodikal. |
||
| 250 | _a1st ed. | ||
| 260 |
_aNew Delhi : _bViva Books , _c2013. |
||
| 300 |
_axix,223p. ; _bPB _c21.5 cm |
||
| 650 |
_aWhat is enlightenment _9162600 |
||
| 650 |
_aWhat is the soul of an individual _9162601 |
||
| 650 |
_aWhat exactly is the law of karma _9162602 |
||
| 700 |
_aKodikal, Raja V. _eEditer _9162603 |
||
| 942 |
_2ddc _cBK _e1st _k374.22 KODD |
||
| 999 |
_c208337 _d208337 |
||